000 00698nam a2200205Ia 4500
003 OSt
005 20250224161620.0
008 210210b2001 xxu||||| |||| 00| 0 eng d
040 _cAL
041 _aKannada
082 _aK894.9 UDYS
100 _aUDYAVARA MADHAVA ACHARYA.
_dಉದ್ಯಾವರ ಮಾಧವ ಆಚಾರ್ಯ
_9202350
245 _aSahitya Spandana.
_bಸಾಹಿತ್ಯ ಸ್ಪಂದನ
260 _aPuttur.
_bKarnataka Sangha.,
_c2001
300 _a102
650 _aDakshina Kannada Kadambari Kadengodlu MuliyaDi Vi Ji Vi Si Kuvempu Pu Ti Na Mukajji Hadu BodhaneRasapratipadane
_9202351
690 _aKannada Critici
_9202352
906 _a0581
942 _2ddc
_cBK
999 _c105757
_d105757